| 000 | 00757nam a2200253 i 4500 | ||
|---|---|---|---|
| 001 | bg | ||
| 245 | 0 | 0 |
_aData mining : _bpoznaj siebie i swoich klientów. |
| 260 |
_aWarszawa ; _aKraków : _b"StatSoft", _c2005. |
||
| 300 |
_a120 s. : _brys., wykr. ; _c24 cm. |
||
| 490 | 1 | _aZastosowania Statystyki i Data Mining | |
| 504 | _aBibliogr. przy rozdz. | ||
| 650 | 9 |
_aData mining _xstosowanie |
|
| 650 | 9 |
_aStatystyka _xstosowanie |
|
| 650 | 9 |
_aRynek _xbadanie _xmetody |
|
| 655 | _aMateriały konferencyjne | ||
| 830 | _aZastosowania Statystyki i Data Mining | ||
| 020 | _a8388724266 | ||
| 040 | _cBPK | ||
| 041 | 0 | _apol | |
| 080 | _a004.62:311.3:339.13](061) | ||
| 920 | _a83-88724-26-6 | ||
| 942 | _cKS | ||
| 008 | s pl f |000 0 pol | ||
| 999 |
_c46909 _d46909 |
||
| 856 |
_uhttp://koha.tu.koszalin.pl/cgi-bin/koha/opac-detail.pl?biblionumber=46909 _yKatalog online BPK |
||